000 01112nam0a2200289 4500
001 RU\NLR\bibl\1204063
005 20250615102715.0
010 _a978-5-699-25421-7
_95000
021 _aRU
_b2008-5412
_9290
035 _a(NLR Aleph) 001190548
090 _a1714573
_c1714573
100 _a20080321d2008 |||y0rusy50 ca
101 0 _arus
102 _aRU
105 _aa |||||||||
200 1 _aИдеальная кулинария
_eудобно. Легко. Вкусно
_e[домашние технологии, точные пропорции, секреты приготовления, лучшие рецепты, проверенные временем
_fавт.-сост. Т.Ю. Подошвина]
210 _aМосква
_cЭксмо
_d2008
215 _a318,[1] с., [4] л. цв. ил.
_d25
225 1 _aЛакомка
606 1 _aКулинария
_xРецептура
_92080572
_3RU\NLR\auth\661256513
686 _aЛ997
702 1 _aПодошвина
_bТ. Ю.
_4220
801 0 _aRU
_bNLR
_c20080321
_gRCR
801 1 _aRU
_bNLR
_c20080321
942 _cBOOK
980 _aNB